000 00591nam a2200193Ia 4500
005 20250508163438.0
008 008 250505s9999 xx 000 0 eng d
037 _aBooks to be hide in OPAC
040 _aFEDL
_beng
_cFEDL
041 _aeng
_2eng
084 _a907, NCE/O
_qFEDL
100 _aSrivastava H S
_9773002
245 0 _aSample unit tests in history
260 _aNew Delhi, India
_bNational Council of Educational Research and Training
_c1982
300 _aviii,176p.
700 _a Uddin Qamar
_9775341
942 _cHB
_h907, NCE/O
999 _c1383292
_d1383292